| 000 | 00909nam a2200277 a 4500 | ||
|---|---|---|---|
| 001 | 439 | ||
| 003 | BR-CuiBMT | ||
| 005 | 20231122133130.0 | ||
| 008 | 231106s2019 mgb 000 0 por d | ||
| 020 | _a9788545005896 | ||
| 040 |
_aBR-CuiBMT _cBR-CuiBMT |
||
| 080 |
_22007 _a340.1:502.131.1 |
||
| 090 |
_a340.1:502.131.1 _bF866s _c4. ed. |
||
| 100 | 1 | _aFreitas, Juarez | |
| 245 | 1 | 0 |
_aSustentabilidade : _b direito ao futuro / _cJuarez Freitas. |
| 250 | _a4. ed. | ||
| 260 |
_aBelo Horizonte : _bFórum, _c2019. |
||
| 300 |
_a416 p. ; _c22 cm |
||
| 500 | _aObra que recebeu a medalha Pontes de Miranda da Academia Brasileira de Letras Jurídicas (informação retirada da capa). | ||
| 504 | _aInclui bibliografia. | ||
| 650 |
_aDireito ambiental _zBrasil |
||
| 650 |
_aDesenvolvimento sustentável _zBrasil |
||
| 650 |
_aProteção ambiental _zBrasil |
||
| 650 | _aEducação ambiental | ||
| 942 |
_2udc _cLV |
||
| 999 |
_c439 _d439 |
||